|
|
|
|
| LEADER |
02141nam a2200397 a 4500 |
| 001 |
1005072 |
| 008 |
090716s1988 nyua b 000 1 eng d |
| 010 |
|
|
|a 87015645
|
| 020 |
|
|
|a 0393955524
|
| 040 |
|
|
|a DLC
|c DLC
|d DLC
|d OCoLC
|d DLC
|
| 082 |
0 |
0 |
|a 823/.912
|2 19
|
| 100 |
1 |
|
|a Conrad, Joseph,
|d 1857-1924.
|
| 245 |
1 |
0 |
|a Heart of darkness :
|b an authoritative text, backgrounds and sources, criticism /
|c Joseph Conrad ; edited by Robert Kimbrough.
|
| 250 |
|
|
|a 3rd ed.
|
| 260 |
|
|
|a New York :
|b Norton,
|c c1988.
|
| 300 |
|
|
|a xvii, 420 p. :
|b ill. ;
|c 22 cm.
|
| 490 |
0 |
|
|a A Norton critical edition
|
| 541 |
1 |
|
|e 00012060
|
| 504 |
|
|
|a Bibliography: p. [419]-420.
|
| 600 |
1 |
0 |
|a Conrad, Joseph,
|d 1857-1924.
|t Heart of darkness.
|
| 650 |
|
0 |
|a Europeans
|z Africa
|v Fiction.
|
| 650 |
|
0 |
|a Trading posts
|v Fiction.
|
| 650 |
|
0 |
|a Degeneration
|v Fiction.
|
| 650 |
|
0 |
|a Imperialism
|v Fiction.
|
| 651 |
|
0 |
|a Africa
|v Fiction.
|
| 655 |
|
7 |
|a Psychological fiction.
|2 lcsh
|
| 700 |
1 |
|
|a Kimbrough, Robert.
|
| 852 |
4 |
|
|a Ayesha Abed Library
|j General Shelf.
|
| 942 |
0 |
0 |
|0 4
|
| 999 |
|
|
|c 2738
|d 2738
|
| 952 |
|
|
|0 0
|1 0
|2 ddc
|4 0
|6 823_912000000000000_CON
|7 0
|9 2516
|a BRACUL
|b BRACUL
|c GEN
|d 2009-07-23
|g 302.00
|l 9
|m 51
|o 823.912 CON
|p 3010012060
|r 2026-05-03
|s 2026-03-01
|t 1
|w 2009-07-23
|y BK
|
| 952 |
|
|
|0 0
|1 0
|2 ddc
|4 0
|6 823_912000000000000_CON
|7 0
|9 8238
|a BRACUL
|b BRACUL
|c GEN
|d 2010-02-17
|g 302.00
|l 10
|m 48
|o 823.912 CON
|p 3010012059
|r 2025-07-13
|s 2025-05-04
|t 2
|w 2010-02-17
|y BK
|
| 952 |
|
|
|0 0
|1 0
|2 ddc
|4 0
|6 823_912000000000000_CON
|7 0
|9 9972
|a BRACUL
|b BRACUL
|c GEN
|d 2010-05-10
|g 302.00
|l 12
|m 75
|o 823.912 CON
|p 3010012061
|r 2025-07-16
|s 2025-06-18
|t 3
|w 2010-05-10
|y BK
|
| 952 |
|
|
|0 0
|1 0
|2 ddc
|4 0
|6 823_912000000000000_CON
|7 0
|9 11182
|a BRACUL
|b BRACUL
|c GEN
|d 2010-06-22
|g 302.00
|l 12
|m 40
|o 823.912 CON
|p 3010012062
|r 2025-10-08
|s 2025-05-27
|t 4
|y BK
|
| 952 |
|
|
|0 0
|1 0
|2 ddc
|4 0
|6 823_912000000000000_CON
|7 0
|9 14240
|a BRACUL
|b BRACUL
|c GEN
|d 2011-01-29
|g 302.00
|l 5
|m 35
|o 823.912 CON
|p 3010012063
|r 2018-12-13
|s 2018-10-02
|t 5
|w 2011-01-29
|y BK
|
| 952 |
|
|
|0 0
|1 0
|2 ddc
|4 0
|6 823_000000000000000__912_CON
|7 0
|9 57143
|a SCL
|b SCL
|c GEN
|d 2015-12-01
|e Gift:
|l 14
|m 42
|o 823.912 CON
|p 3020008350
|r 2025-09-11
|s 2025-08-30
|t 6
|w 2015-12-01
|y BK
|